Most streamed songs : Bring Me The Horizon - Statistics

General Stats
  • This quiz has been taken 50 times
    18 since last reset
  • The average score is 15 of 20
Answer Stats
Rank Number of streams Answer Album % Correct
1. 758 437 476 Can You Feel My Heart Sempiternal
100%
2. 588 378 061 Throne That's The Spirit
100%
14. 150 289 665 Doomed That's The Spirit
92%
4. 288 952 851 Kingslayer (feat. BABYMETAL) POST HUMAN: SURVIVAL HORROR
92%
12. 181 936 330 MANTRA amo
92%
3. 312 039 766 Drown That's The Spirit
83%
8. 219 161 317 Shadow Moses Sempiternal
83%
11. 197 141 583 True Friends That's The Spirit
83%
17. 134 213 286 1x1 (feat. Nova Twins) POST HUMAN: SURVIVAL HORROR
75%
13. 156 755 534 Avalanche That's The Spirit
75%
7. 244 209 330 Happy Song That's The Spirit
75%
9. 216 473 815 Parasite Eve POST HUMAN: SURVIVAL HORROR
75%
5. 288 183 547 Sleepwalking Sempiternal
75%
19. 130 695 485 DArkSide POST HUMAN: NeX GEn
67%
6. 271 130 889 Follow You That's The Spirit
58%
18. 133 047 388 Obey (with YUNGBLUD) POST HUMAN: SURVIVAL HORROR
58%
20. 118 019 132 DiE4u POST HUMAN: NeX GEn
50%
16. 148 336 830 sTraNgeRs POST HUMAN: NeX GEn
50%
10. 197 382 798 Teardrops POST HUMAN: SURVIVAL HORROR
50%
15. 150 168 728 LosT POST HUMAN: NeX GEn
42%
No matching quizzes found
Score Distribution
Percent of People with Each Score
Percentile by Number Answered
Your Score History
You have not taken this quiz since the last reset